Η λογιοσύνη των Ηπειρωτών : λόγος επιμνημόσυνος στα αποκαλυπτήρια της προτομής του Π. Αραβαντινού
Αποθηκεύτηκε σε:
| Κύριος συγγραφέας: | |
|---|---|
| Μορφή: | Βιβλίο |
| Γλώσσα: | Greek |
| Δημοσίευση: |
Ιωάννινα :
Εταιρεία Ηπειρωτικών Μελετών,
1960
|
| Σειρά: | Διαλέξεις (Εταιρεία Ηπειρωτικών Μελετών)
|
| Θέματα: | |
| Ετικέτες: |
Προσθήκη ετικέτας
Δεν υπάρχουν, Καταχωρήστε ετικέτα πρώτοι!
|
MARC
| LEADER | 00000cam a2200000 i 4500 | ||
|---|---|---|---|
| 001 | 1/96817 | ||
| 008 | 081107s1960 gr | ||| |||| ||gre|| | ||
| 035 | |l 10101483 | ||
| 040 | |a GR-MY-UA |b gre |e aacr | ||
| 041 | 0 | |a gre | |
| 082 | 0 | |a 889.534 |2 (22) | |
| 100 | 1 | |a Δημαράς, Κωνσταντίνος Θ., |d 1904-1992. | |
| 245 | 1 | 2 | |a Η λογιοσύνη των Ηπειρωτών : |b λόγος επιμνημόσυνος στα αποκαλυπτήρια της προτομής του Π. Αραβαντινού / |c Κ.Θ Δημαράς |
| 260 | |a Ιωάννινα : |b Εταιρεία Ηπειρωτικών Μελετών, |c 1960 | ||
| 300 | |a 18 σ.; |c 24 εκ. | ||
| 490 | 1 | |a Διαλέξεις (Εταιρεία Ηπειρωτικών Μελετών) | |
| 600 | 1 | 0 | |a Αραβαντινός, Παναγιώτης Στ., |d 1809-1870. |
| 650 | 0 | 0 | |a Speeches, addresses, etc., Greek. |
| 651 | 0 | |a Epirus (Greece and Albania) |x Intellectual life. | |
| 830 | 0 | |a Διαλέξεις (Εταιρεία Ηπειρωτικών Μελετών) | |
| 852 | |a INST |b RHODES |c AKA |e 20081107 |h 889.534 ΔΗΜ |p 005400031126 |q 005400031126 |t BK |y 0 | ||
| 901 | |a BIBL4-2008-3 | ||
| 909 | |a Ρ |b 153574 | ||
| 970 | |a ΧΑΡΙΟΠΟΛΙΤΟΥ |b ΚΩΝΣΤΑΝΤΙΝΑ |z 2008/11/07 | ||